Andhra Pradesh regional geography / (Record no. 91924)

MARC details
000 -LEADER
fixed length control field 00566nam a22001937a 4500
005 - DATE AND TIME OF LATEST TRANSACTION
control field 20150324144607.0
010 ## - LCCN (DPL NO)
LC control number ENG-112242
020 ## - INTERNATIONAL STANDARD BOOK NUMBER
Terms of availability 120.00
035 ## - SYSTEM CONTROL NUMBER
System control number EN-95774
037 ## - SOURCE OF ACQUISITION
Source of stock number/acquisition DBAD/PUB
082 ## - DEWEY DECIMAL CLASSIFICATION NUMBER
Classification number 915.435
100 ## - MAIN ENTRY--PERSONAL NAME
Personal name Anuradha, T.
245 ## - TITLE STATEMENT
Title Andhra Pradesh regional geography /
Statement of responsibility, etc by T. Anuradha ; edited by A. Kamalakar Reddy
260 ## - PUBLICATION, DISTRIBUTION, ETC. (IMPRINT)
Place of publication, distribution, etc Hyderabad
Name of publisher, distributor, etc Telugu Akademi
Date of publication, distribution, etc 2012
270 ## - ADDRESS
Address Telugu Akademi
City Hyderabad
Postal code 500029
300 ## - PHYSICAL DESCRIPTION
Extent 305p.
Other physical details 24cm(pbk)
700 ## - ADDED ENTRY--PERSONAL NAME
Personal name Kamalakar Reddy,A.
942 ## - ADDED ENTRY ELEMENTS (KOHA)
Source of classification or shelving scheme Dewey Decimal Classification
Item type English Books
Call number suffix ANU
Classification part 915.435
Holdings
Withdrawn status Lost status Not for loan Collection code Home library Current library Date acquired Source of acquisition Cost, normal purchase price Full call number Barcode Copy number Cost, replacement price Koha item type
    Not For Loan Non-fiction D.B.Act.Division D.B.Act.Division 26/02/2015 DBAD/PUB 120.00 915.435 ANU EN-95774 1 120.00 English Books

© Delhi Public Library
Hit Counter
free hit counter